000 00837nam a2200301Ia 4500
003 OSt
005 20221006145339.0
006 a|||||r|||| 00| 0
007 ta
008 221006b |||||||| |||| 00| 0 eng d
024 _a14,540
037 _cTextual
040 _aEASL
_cEASL
_beng
041 _2eng
_aeng
082 _aO41,1M97x, K6
100 _aMAN Wong Tr.
_9654185
245 0 _aPoems of Mao
260 _aHong Kong
_bEastern Horizon Press
_c1966
300 _a95p.
_ccm.
490 _v CEL
500 _aBilingual - Chinese and English
650 _a CEL
650 _a China - Literature - Poems
_9654186
650 _aBilingual - Chinese and English
_9654187
700 _a MAO Tse-Tung
942 _hO41,1M97x, K6
_cTEXL
_2CC
999 _c1082626
_d1082626